| 000 | 00908cam a22003133a 4500 | ||
|---|---|---|---|
| 001 | 4085 | ||
| 003 | PGUSA | ||
| 005 | 20140828083048.0 | ||
| 008 | 030501s2003||||xxu|||||s|||||000 1 eng d | ||
| 040 |
_aPGUSA _beng |
||
| 042 | _adc | ||
| 050 | 4 | _aPR | |
| 100 | 1 |
_aSmollett, T. _q(Tobias), _d1721-1771 |
|
| 245 | 1 | 4 |
_aThe Adventures of Roderick Random _h[electronic resource] / _cT. Smollett |
| 260 |
_bProject Gutenberg, _c2003 |
||
| 506 | _aPublic domain in the USA. | ||
| 516 | _aElectronic text | ||
| 653 | _aImpressment -- Fiction | ||
| 653 | _aPicaresque literature | ||
| 653 | _aRogues and vagabonds -- Fiction | ||
| 653 | _aSailors -- Fiction | ||
| 653 | _aScots -- England -- Fiction | ||
| 653 | _aWarships -- Fiction | ||
| 653 | _aEngland -- Fiction | ||
| 653 | _aSea stories | ||
| 830 | 0 |
_aProject Gutenberg _v4085 |
|
| 856 | 4 | 0 | _uhttp://www.gutenberg.org/ebooks/4085 |
| 942 | _cEB | ||
| 999 |
_c233414 _d233414 |
||